| 000 | 00746nam a2200229 i 4500 | ||
|---|---|---|---|
| 001 | 84953 | ||
| 003 | ES-MaACL | ||
| 005 | 20230906175142.0 | ||
| 007 | t| | ||
| 008 | 041124s1977 sp ||||1| spa d | ||
| 100 | 1 |
_aJervis, Giovanni. _966350 |
|
| 245 | 1 | 0 |
_aManual crítico de Psiquiatría / _cGiovanni Jervis ; [traducción, Joaquín Jordá, Nuria Pérez de Lara y Ramón García]. |
| 260 |
_aBarcelona : _bAnagrama, _c[1977] |
||
| 300 |
_a408 p. ; _c24 cm. |
||
| 490 | 1 |
_aElementos críticos ; _v10 |
|
| 700 | 1 |
_aJordá, Joaquín. _966895 |
|
| 700 | 1 |
_aPérez de Lara, Nuria. _990788 |
|
| 700 | 1 |
_aGarcía, Ramón. _954089 |
|
| 830 | 0 |
_aElementos críticos ; _v10 _9180219 |
|
| 852 |
_aES-MaACL _jA-8342 _bR.97054 |
||
| 999 |
_c84953 _d84953 |
||